00433nam a2200133Ia 4500008004100000024004800041082001900089100006600108245001500174260002600189600003400215650003300249999001700282260210s9999 xx 000 0 und d a08B-015-TE, 08B-033-TE & 08B-058-TE a610.736072 JAW aSyed Muhammad Danish Jawaid, Izza Abdul Aziz & Tooba Khan 0aDB Advisor aKarachi:bUITU,c2008 aTelecommunication Engineering aBachelor of Engineering (BE) c33580d33580